💯 Most given Baby Girl 👧 names in France 🇫🇷 in 2005 - Statistics

General Stats
  • This quiz has been taken 127 times
  • The average score is 39 of 100
Answer Stats
Order Name % Correct
#12 Marie
85%
#1 Emma
84%
#15 Julie
83%
#79 Sara
81%
#52 Anna
79%
#5 Chloé
77%
#2 Léa
77%
#19 Laura
73%
#26 Lou
73%
#23 Zoé
73%
#29 Charlotte
71%
#20 Eva
71%
#64 Julia
71%
#28 Louise
68%
#37 Alice
65%
#61 Amélie
65%
#3 Clara
64%
#41 Elisa
64%
#40 Emilie
63%
#21 Léna
60%
#22 Juliette
59%
#17 Lisa
59%
#51 Elise
57%
#7 Sarah
57%
#96 Claire
55%
#6 Camille
53%
#14 Lola
53%
#81 Victoria
53%
#36 Alicia
52%
#4 Manon
52%
#27 Pauline
52%
#31 Jeanne
49%
#38 Lina
48%
#8 Inès
47%
#9 Jade
47%
#10 Lucie
47%
#49 Margot
45%
#43 Marine
45%
#13 Anaïs
43%
#62 Eloïse
43%
#74 Luna
43%
#91 Sofia
43%
#16 Mathilde
41%
#55 Nina
41%
#59 Elsa
40%
#60 Lana
37%
#53 Marion
37%
#46 Mélissa
37%
#89 Adèle
36%
#97 Clémentine
36%
#54 Amandine
35%
#32 Ambre
35%
#25 Lilou
35%
#18 Romane
35%
#34 Clémence
33%
#35 Justine
32%
#50 Margaux
32%
#65 Valentine
32%
#56 Agathe
29%
#24 Célia
29%
#77 Elodie
29%
#100 Héloïse
29%
#94 Lise
29%
#11 Océane
29%
#39 Carla
28%
#85 Andréa
27%
#30 Noémie
27%
#68 Léonie
25%
#45 Maelle
25%
#44 Maelys
25%
#47 Louna
24%
#33 Maéva
24%
#78 Alexia
23%
#66 Louane
23%
#69 Salomé
23%
#84 Angelina
21%
#93 Capucine
21%
#75 Fanny
20%
#86 Mélina
20%
#42 Morgane
20%
#63 Yasmine
20%
#82 Coralie
19%
#88 Méline
19%
#73 Solène
19%
#70 Anaelle
17%
#76 Axelle
15%
#67 Cassandra
15%
#83 Cloé
15%
#58 Léane
15%
#90 Ninon
15%
#98 Emeline
13%
#92 Myriam
13%
#57 Candice
12%
#72 Flavie
12%
#87 Coline
11%
#80 Laurine
11%
#95 Enora
9%
#71 Loane
9%
#99 Clarisse
8%
#48 Ilona
8%
No matching quizzes found
Score Distribution
Percent of People with Each Score
Percentile by Number Answered
Your Score History
You have not taken this quiz